| 000 | 00528nam a22001937a 4500 | ||
|---|---|---|---|
| 005 | 20260416112838.0 | ||
| 010 | _aENG-148265 | ||
| 020 |
_a9789382632832 _c550.00 |
||
| 035 | _aEN-131797 | ||
| 037 | _bDBAD | ||
| 082 | _a230.2 | ||
| 100 |
_aJyoti Prakash _988930 |
||
| 245 |
_aReform Movements in India/ _cJyoti Prakash |
||
| 250 | _a1 | ||
| 260 |
_aAllahbad _bAprajita Publication _c2017 |
||
| 270 |
_a5,Khusrobagh Road, _bAllahbad _e211001 |
||
| 300 |
_a136p. _c21cm(Hb) |
||
| 942 |
_2ddc _cEN _h230.2 _mJYO |
||
| 999 |
_c215904 _d215904 |
||